000 00446cam a2200181ua 4500
020 _c12.50
041 _aeng
_h
082 _a335.430951
_bCHA/CO
100 _aChandrasekhar , S .
245 _aCommunist China today /
_cS Chandrasekhar.
_hTextual Documents
250 _a1 /
_b.
260 _aMumbai :
_bAsia Publishing House ,
_c1964.
300 _a235 ; .
365 _a12.50
504 _a
942 _cBK
999 _c1856
_d1856